Medical assisting PDQ / (Record no. 54178)

MARC details
000 -LEADER
fixed length control field 00465nam a22001457a 4500
008 - FIXED-LENGTH DATA ELEMENTS--GENERAL INFORMATION
fixed length control field 190513b xxu||||| |||| 00| 0 eng d
020 ## - INTERNATIONAL STANDARD BOOK NUMBER
International Standard Book Number 9781416061069
050 ## - LIBRARY OF CONGRESS CALL NUMBER
Classification number R 728.8
Item number .F87 2009
100 ## - MAIN ENTRY--PERSONAL NAME
Personal name Fuqua, Tracie.
245 ## - TITLE STATEMENT
Title Medical assisting PDQ /
Statement of responsibility, etc Tracie Fuqua, Jon H. Zonderman.
260 ## - PUBLICATION, DISTRIBUTION, ETC. (IMPRINT)
Place of publication, distribution, etc Edinburgh :
Name of publisher, distributor, etc Elsevier Saunders,
Date of publication, distribution, etc 2009.
300 ## - PHYSICAL DESCRIPTION
Extent iv, 222 p. :
Other physical details ill. ;
Dimensions 14 cm.
650 ## - SUBJECT ADDED ENTRY--TOPICAL TERM
Topical term or geographic name as entry element Medical assistants
Form subdivision Handbooks, manuals,
942 ## - ADDED ENTRY ELEMENTS (KOHA)
Source of classification or shelving scheme Library of Congress Classification
Item type Book
Holdings
Withdrawn status Lost status Source of classification or shelving scheme Damaged status Not for loan Collection code Home library Current library Shelving location Date acquired Source of acquisition Cost, normal purchase price Full call number Barcode Copy number Price effective from Koha item type Total Checkouts Date last borrowed
    Library of Congress Classification   Not For Loan Non-fiction Bishop Okullu Memorial Library (Limuru Campus) Bishop Okullu Memorial Library (Limuru Campus) Reference 13/05/2019 donation-KNLS 1750.00 REF R728.8 .F87 2009 061432 1 13/05/2019 Book    
    Library of Congress Classification   Not For Loan Non-fiction Bishop Okullu Memorial Library (Limuru Campus) Bishop Okullu Memorial Library (Limuru Campus) Reference 13/05/2019 donation-KNLS 1750.00 REF R728.8 .F87 2009 061433 2 13/05/2019 Book    
    Library of Congress Classification   Not For Loan Non-fiction Bishop Okullu Memorial Library (Limuru Campus) Bishop Okullu Memorial Library (Limuru Campus) Reference 13/05/2019 donation-KNLS 1750.00 REF R728.8 .F87 2009 061434 3 13/05/2019 Book    
    Library of Congress Classification   Not For Loan Non-fiction Bishop Okullu Memorial Library (Limuru Campus) Bishop Okullu Memorial Library (Limuru Campus) Reference 13/05/2019 donation-KNLS 1750.00 REF R728.8 .F87 2009 061435 4 13/05/2019 Book 1 07/09/2019
    Library of Congress Classification   Not For Loan Non-fiction Bishop Okullu Memorial Library (Limuru Campus) Bishop Okullu Memorial Library (Limuru Campus) Reference 13/05/2019 donation-KNLS 1750.00 REF R728.8 .F87 2009 061436 5 13/05/2019 Book